Top 10 - Buteurs en Ligue 1 saison 13/14 - Statistiques

Statistiques générales
  • Ce quiz a été pris 35 fois
  • Le résultat moyen est 6 sur 10
Statistiques - réponses
Club Buts Joueur % Correct
Paris Saint-Germain 26 Zlatan Ibrahimovic
97%
Olympique Lyonnais 15 Alexandre Lacazette
91%
Olympique de Marseille 16 André-Pierre Gignac
88%
Paris Saint-Germain 16 Edinson Cavani
84%
Toulouse FC 16 Wissam Ben Yedder
75%
Olympique Lyonnais 14 Bafetimbi Gomis
53%
FC Lorient 16 Vincent Aboubakar
25%
Montpellier HSC 14 Rémy Cabella
22%
Girondins de Bordeaux 12 Cheick Diabaté
19%
Lille OSC 16 Salomon Kalou
16%
Aucun quiz correspondant
Distribution des résultats
% des personnes avec chaque résultat
Percentile par nombre de réponses
Votre historique - résultats
Vous n’avez pas pris ce quiz